[Event "Russian Chess League"]
[Site "CXC"]
[Date "2004.04.20"]
[Round "1"]
[White "Rublevsky, Sergei"]
[Black "Volokitin, Andrei"]
[Result "1-0"]
[WhiteElo "2671"]
[BlackElo "2600"]
[EventDate "2004.04.??"]
[Annotator "Mikhail Golubev"]
[PlyCount "51"]
[Source "Chess Today"]
[SourceDate "2004.04.22"]

1. e4 c5 2. Nf3 d6 (2... Nc6 $1 {visando a uma Variante Sveshnikov} 3. d4 cxd4
4. Nxd4 Nf6 5. Nc3 e5 {no momento e a mais critica no mais alto nivel do jogo.})
3. Bb5+
{A Variante oscou dificilmente e mais fraca do que 3.d4 como as partidas de Rublevsky, o grande especialista nesta linha, puderam provar.}
3... Bd7 4. Bxd7+ Qxd7 5. O-O (
{Mas agora Rublevsky nao joga o lance principal} 5. c4
{que ele sempre usou no passado. A razao pode ser tirada desta recente partida:}
5... Nf6 6. Nc3 g6 7. O-O Bg7 8. d4 cxd4 9. Nxd4 O-O 10. f3 Rc8 $1 11. b3 d5 $1
{(uma ideia de Ivanchuk)} 12. exd5 Nxd5 13. Nxd5 e6 14. Bh6 exd5 15. Bxg7 Kxg7
{1/2-1/2 Rublevsky-Grischuk, Poikovsky 2004.}) 5... Nf6 6. Qe2 Nc6 7. c3 Qg4 $5
{Uma rara, porem curiosa tentativa} (7... e6 8. d4 ({ou primeiro} 8. Rd1 Be7)
8... cxd4 9. cxd4 d5 10. e5 Ne4 {e o que foi jogado muitas vezes no passado.})
8. d3 ({A linha} 8. Re1 Ne5 9. Nxe5 ({a alternativa e} 9. Kh1 $5) 9... Qxe2
10. Rxe2 dxe5 11. Na3 O-O-O
{(como em Derbenev-Shkalov, Cherepovets 2001 e outras partidas) nao causa problemas na posicao das pretas.})
8... Ne5 9. Nbd2 Nh5 10. d4 Nf4 11. Qb5+ Kd8 $5 $146
{Uma novidade bizarra. As pretas possuem um grande numero de alternativas jogaveis:} (
11... Nd7 12. g3 Rb8 13. Kh1 a6 14. Qa4 Nd3 15. Qc4 Nxc1 16. Raxc1 e6
{foi levemente melhor para as brancas em Fernandez Garcia-Polgar, Basque Country vs World rpd (Santurtzi) 2003}) (
11... Nc6 12. Ne1 O-O-O 13. f3 (13. Nb3 a6 14. Qc4
{e a sugestao de Utasi no Informador 37} 14... Na5 15. Nxa5 b5 16. f3 Qh4
{nao e de todo boa por causa de} 17. g3 $1 $18) 13... Qh5
{com jogo equilibrado, na partida T.Horvath-Utasi, Campeonato Hungaro, 1984}) (
11... Qd7 12. Qxd7+ Nxd7
{As brancas, novamente, ficam apenas com ligeira vantagem.}) 12. Ne1 (
{As brancas evitam o provavel empate da linha} 12. g3 Nh3+ (12... Nxf3+ $2
13. Nxf3 Qxf3 14. Bxf4 Qxe4 15. dxc5) 13. Kg2 Nf4+) 12... Ned3 $1 13. f3 $1 Qg5 (
{Parece que} 13... Qg6 $5 {era uma alternativa muito decente. Entao} 14. Qxb7 (
{muito pouco claro e} 14. Nb3 $5) 14... Rc8 {pode acabar em empate depois de} (
{mas nao} 14... Ne2+ 15. Kh1 Ng3+ 16. hxg3 Qh6+ 17. Kg1 Qe3+ {por causa de}
18. Rf2 $3 {com a ideia} 18... Qxf2+ 19. Kh2 Nxe1 20. Qxa8+ Kc7 21. Qxa7+ Kc8
22. Qa6+ Kc7 23. Qf1 $1 Nxf3+ 24. Kh1 Qxf1+ 25. Nxf1 $16) 15. Qxa7 Ne2+ 16. Kh1
Ng3+ 17. hxg3 Qh6+ $11) 14. Nb3 $1 ({Muito inferior e} 14. Qxb7 $2 Rc8 $1
{e as brancas perdem o controle das casas d3 e e2 que sao importantes, por exemplo, na linha}
15. Nb3 Nxe1 16. g3 Ne2+ $1) 14... Nxe1 $2 ({Parece que era necessario} 
14... Ne2+ $1 15. Kh1 Ndxc1 $1 16. Nxc1 (16. Qxb7 Ng3+ 17. hxg3 Qh6+ $11)
16... Ng3+ $1 (16... Nxc1 $2 17. Qxb7 Rc8 18. f4 $1 $18) 17. hxg3 Qh6+ 18. Kg1
Qe3+ 19. Rf2 Qxe1+ 20. Qf1 Qxf1+ 21. Rxf1 $14
{com pequena vantagem branca no final.}) 15. g3 $16
{Agora as linhas taticas ajudam perfeitamente as brancas e eu nao sou capaz de encontrar alguma melhora significativa para as pretas.}
15... Nh3+ ({Ou} 15... cxd4 16. Qxb7 $1 (16. Qxg5 $6 Nh3+) 16... Ne2+ 17. Kh1
Nxg3+ 18. hxg3 Qxg3 19. Qxa8+ Kc7 20. Qxa7+ Kc8 21. Qa8+ Kc7 22. Qa5+
{e as brancas devem ganhar}) ({nao e melhor} 15... Ned3 16. Qxb7 Rc8 17. Kh1 $1
Nxc1 18. gxf4 Qxf4 19. Raxc1 {com grande vantagem para as brancas.}) 16. Kh1
Qh5 17. g4 ({Tambem era possivel} 17. Qxb7 {e as pretas deveriam responder}
17... Rc8 (17... Nxf3 18. Qxa8+)) 17... Qh4 18. Be3 $1 ({Naturalmente nao} 
18. Qxb7 $2 Nf2+ 19. Rxf2 Qxf2 20. Qxa8+ $11
{e as brancas possuem apenas xeque perpetuo.}) 18... c4 ({A tentativa} 
18... Nc2 {e refutada por} 19. Nxc5 $1 dxc5 20. dxc5 Nxe3 21. Rad1+ Nxd1
22. Rxd1+ Kc8 23. Qd7+ Kb8 24. Qd8#) ({E} 18... Nxf3 19. Qxb7 Rc8 20. Rxf3
{tambem e melhor para as brancas.}) 19. Qxb7 Rc8 20. d5 $1
{Impressionante! As brancas nao se preocupam com as pretas e envolvem o Bispo delas no ataque.}
20... Nxf3 ({O lance} 20... Rc7 21. Qb8+ Kd7 22. Qb5+ Kd8 23. Na5 $18
{causa uma imediata catastrofe na posicao preta.}) 21. Rxf3 cxb3 ({Ou} 
21... Qxg4 22. Nd2 {e as brancas defenderam tudo e estao dominando a partida.})
22. Rg3 $1 ({Ate mesmo mais forte} 22. Qxa7 $6 Qxg4 23. Bb6+ Ke8 24. Qa4+ Qd7
25. Qxd7+ Kxd7 26. Rxh3 $16 {com melhor final para as brancas.}) 22... f6 (
22... Rc7 23. Qb8+ {e o ataque branco e decisivo apos} 23... Kd7 ({ou} 
23... Rc8 24. Qxa7 $18 {com a ideia de 25.Db7, 26.Bb6}) 24. Bxa7 $1 $18
{querendo jogar 25.Bb6.}) 23. axb3 $5 (23. Bxa7 $1 {ganharia mais facil ainda.})
23... g5 (23... Rc7 {nao ajuda por causa de} 24. Bb6 $1 {com a ideia}
24... axb6 25. Ra8+ Kd7 26. Qb8 {e as brancas dao mate.}) 24. Rxa7 Ke8
25. Qxc8+ Kf7 26. Qe6+
{As pretas estao com uma qualidade a menos, alem disso, todas as suas pecas ocupam posicoes tragicomicas. O mais certo e abandonar.}
1-0

[Event "Dagomys"]
[Site "CXC"]
[Date "2004.04.23"]
[Round "4"]
[White "Morozevich, Alexander"]
[Black "Alekseev, Evgeny"]
[Result "1-0"]
[WhiteElo "2732"]
[BlackElo "2616"]
[EventDate "2004.??.??"]
[Annotator "MI Vladimir Barsky)"]
[PlyCount "63"]
[Source "Chess Today"]
[SourceDate "2004.04.24"]

1. e4 c5 2. Nf3 d6 3. d4 cxd4 4. Nxd4 Nf6 5. Nc3 Nc6 6. f3 $5
{As brancas nao querem jogar o ataque Rauser (6.Bg5) nem o Sozin (6.Bc4) e convidam as pretas a mostrarem o seus planos no centro.}
6... e5 ({Em caso de} 6... e6
{entraria em uma Ataque Ingles (Be3, Dd2, 0-0-0, g4 etc.).}) 7. Nb3 Be7 8. Be3
Be6 9. Qe2 $5
{Uma interessante ideia: as brancas querem colocar uma Torre em d1 opondo-se a Dama em d8. Depois elas podem jogar, por exemplo, De2-f2 e desenvolver o Bispo de f1. Anteriormente as brancas jogavam} (
9. Nd5 Bxd5 10. exd5 Nb4 11. c4 a5 12. Qd2 b6 13. Be2 O-O 14. Nc1 (14. O-O Na6
15. Rae1 Nc5 16. Nxc5 bxc5 17. Bd1 a4 18. Bc2 $14
{Timofeev,A-McShane,L/41st WJun, Goa IND 2002}) 14... Na6 15. b3 Nd7 16. Bd3
Ndc5 17. O-O h6 18. Ne2 Bg5 19. Bc2 Bxe3+ 20. Qxe3 Nb4 21. Bd1 Qf6 $15
{Timofeev,A-Alekseev,E/5th Open, Dubai UAE 2003}) 9... O-O (9... a5 10. O-O-O
Qb8 11. Kb1 O-O 12. Nd5 Bxd5 13. exd5 Nb4 14. Qb5 Qc8 15. Bc4 Bd8 16. a3 Na6
$132 {Shklovski,V-Berkvens,J/Hoogeveen 2000}) 10. O-O-O
{Agora as brancas estao prontas para jogar Cc5.} 10... Na5 $5
{Interessante tentativa de contra jogo. E claro que as pretas poderiam jogar simplesmente} (
10... Qc7) 11. Nc5 Bc4 12. Qe1 Qc7 13. Nb3 Nxb3+ ({Em caso de} 13... Be6
14. Nxa5 (14. g4 $5) 14... Qxa5 15. Nd5 $5 Qd8 16. Nxe7+ Qxe7 17. Kb1 d5
18. Bg5 d4 19. f4 $36 {As brancas ficam com alguma iniciativa.}) 14. axb3 Be6
{A troca dos Bispos favorece as brancas devido a fraqueza em d5.} 15. g4 Rfc8
16. g5 Nd7 17. Kb1 {Um util lance profilatico.} 17... a6 18. h4 Qc6 19. Rh2
{Outro lance profilatico: a Torre defende o peao c2.} 19... b5 20. h5 Bd8
{As pretas jogam de maneira muito estranha: todas as pecas deixam a ala do rei, onde as brancas estao com um forte ataque quase pronto.}
21. g6 $1 {Esta tudo pronto para uma tempestade de peoes.} 21... Ba5
{No mesmo embalo. Mas o contra ataque preto e muito fraco.} 22. Qh4 Bxc3 23. h6
{Todas as pecas pretas estao do outro lado do tabuleiro, por isso o ataque branco se desenvolve sem muitos problemas.}
23... fxg6 $8 24. hxg7 h5 (24... Kf7 25. Qxh7 Rg8 26. bxc3 Qxc3 27. Bd2 Qc7
28. f4 $5 $40) 25. Qg5 Kxg7 (25... Bd4 26. Qxg6 Bxe3 27. Qxe6+ $18) 26. bxc3
Bf7 $2 {Este lance perde forcado. Melhor era} (26... Kf7 {embora apos} 27. Rxh5
$1 {o ataque branco deve ser decisivo:} ({o lance} 27. f4 $5
{tambem e forte, porem mais complicado.} 27... Bg4 28. f5 gxf5 (28... Bxd1
29. Qxg6+ Kf8 30. Bh6+ Ke7 31. Bg5+ Kf8 32. f6 $18) 29. Rxh5 Rh8 30. Rxh8 Rxh8
31. exf5 Rg8 (31... Bxd1 32. Qg6+ Kf8 33. f6 Bxc2+ 34. Kxc2 Rh2+ 35. Kb1 Nxf6
36. Qxf6+ Ke8 37. Bd3 Qh1+ 38. Bc1 Qc6 39. Qg6+ Kd8 40. Be4 $18) 32. Qh6 Nf6 (
32... Bxd1 33. Qe6+ Kg7 34. Qg6+ Kf8 35. Bh6+ Ke7 36. Qxg8 $18) 33. Bg5 Rxg5
34. Qxg5 Bxd1 35. Qg6+ Ke7 36. Qg7+ Ke8 37. Qxf6 $18) 27... Nf8 $5 (27... gxh5
28. Qxh5+ Kf8 29. Bh6+ Ke7 30. Bg5+ Nf6 31. Qh7+ Bf7 32. Qg7 d5 33. Rxd5 Qe6
34. Bh3 $18) 28. Rh8 Qxc3 29. Bc4 Bxc4 (29... bxc4 30. Rdh1 cxb3 $2 31. R1h7+)
30. Rdh1 $18) 27. Qh6+
{De acordo com o computador, agora ha mate em 10 lances.} 27... Kg8 (27... Kf6
28. Bg5+ Ke6 29. Bh3#) 28. Rxh5 gxh5 29. Bxb5 ({O computador sugeriu} 29. Bc4
{com mate em 8 lances. Naturalmente, o lance do texto tambem ganha.})
29... axb5 30. Rg1+ Bg6 31. Qxg6+ Kf8 32. Qg8+ (32. Qg8+ Ke7 33. Rg7+ Kf6
34. Qf7#) 1-0

[Event "Dagomys"]
[Site "CXC"]
[Date "2004.04.25"]
[Round "6"]
[White "Grischuk, Alexander"]
[Black "Geller, Jakov"]
[Result "1-0"]
[WhiteElo "2719"]
[BlackElo "2489"]
[EventDate "2004.??.??"]
[Annotator "MI Vladimir Barsky"]
[PlyCount "53"]
[Source "Chess Today"]
[SourceDate "2004.04.26"]

1. e4 c5 2. Nf3 e6 3. d4 cxd4 4. Nxd4 Nc6 5. Nc3 Qc7 6. Be3 a6 7. Qd2 Nf6
8. O-O-O Bb4
{Um esquema muito popular: as pretas tentam ganhar algum tempo para o desenvolvimento cravando o Cavalo e ameacando arruinar a estrutura de peoes das brancas na ala da dama.}
9. f3 Ne5 10. Nb3 b5 11. Qe1 (11. Bd4 Be7 12. Qf2 d6 13. Kb1 O-O 14. g4 Nfd7
15. a3 Rb8 16. Rg1 Nc4 17. g5 a5 $132
{Zufic,M-Geller,J/Christmas Open, Zadar CRO 2003}) 11... Be7 (
{A partida seguin te demonstrou que a ameaca ...Bxc3 nao oferece perigo para as pretas:} 
11... Bxc3 12. Qxc3 Qxc3 13. bxc3 d5 14. Bd4 Ned7 15. exd5 Nxd5 16. Bxg7 Rg8
17. Bd4 Bb7 18. c4 bxc4 19. Na5 O-O-O 20. Nxc4 $16
{Iordachescu,V-Macieja,B/It, Bermuda BER 2004}) 12. f4 $5
{Uma novidade mais do que logica: as brancas iniciam uma ofensiva de Peoes imediatamente, ao passo que as pretas ainda precisam completar o desenvolvimento.} (
{Ja foi testado} 12. Kb1 d6 13. Qf2 Rb8 14. g4 b4 15. Ne2 a5 16. g5 Nfd7
17. Nbd4 Nc4 18. Bc1 Qc5 $132 {Balogh,C-Portisch,L/It, Miskolc HUN 2004})
12... Nc4 13. e5 Ng4 ({Se} 13... Nxe3 14. Qxe3 (
{surgem interessantes complicacoes apos} 14. exf6 $5 Nxd1 (14... Qxf4 15. Rd4 (
15. fxe7 $5 Nxf1+ 16. Kb1 Ne3 17. Qd2 b4 18. Na4 Nd5 19. Qe2 $44) 15... Qh6
16. fxe7 Nxf1+ 17. Kb1 Ne3 18. Qf2 Nf5 19. Rf4 $40) 15. Nd5 $1 Qd6 16. Nxe7
gxf6 17. Nxc8 Qxf4+ 18. Kxd1 Rxc8 19. Bd3 $14) 14... Ng8 15. Ne4 Bb7 16. Nd6+
$16) 14. Bd4 f5 ({Depois de} 14... O-O 15. h3 Nh6 16. g4 $16
{As pretas devem esquecer que possuem Cavalo por um largo tempo.}) 15. h3 Nh6
16. Qf2 $1
{Este lance posicional e muito forte: as brancas comecam a travar uma batalha pelas casas escuras (b6, c5, e a mais importante de todas: d6).}
16... Bb7 (16... d5 $6 17. exd6 Bxd6 18. Kb1 $5 $16) 17. Bxc4 bxc4 18. Bb6 Qc6
$6 {Depois deste equivoco a posicao preta fica muito dificil. Era melhor} (
18... Qc8 19. Nc5 $5 (19. Na5 Bb4 $132) 19... Bc6 20. Rd2 $14) 19. Na5 Qxg2
20. Qd4 Bc8 (20... Bc6 21. Rhg1 Qf3 22. Rxg7 $18) 21. Bc5
{E as brancas ja ganharam a disputa pelas casas escuras.} 21... Bxc5 22. Qxc5
Kf7 23. Qe3 $1 {Tambem era bom} (23. Nxc4 Qc6 24. Nd6+ Kf8 25. Qf2 $18
{no entanto as brancas estao interessadas em fazer com que a Dama preta se isole no canto do tabuleiro.})
23... Rb8 24. Rhg1 Qa8 {Esta e a unica casa disponivel na grande diagonal.}
25. Nxc4 Rf8 26. Nd6+ Kg8 27. Rxg7+ $1 ({E as pretas abandonaram em vista de} 
27. Rxg7+ Kxg7 28. Qg3+ Kh8 29. Rg1 Rg8 30. Qxg8+ Nxg8 31. Nf7#) 1-0

[Event "Russian Chess League"]
[Site "CXC"]
[Date "2004.??.??"]
[Round "6"]
[White "Yemelin, Vasily"]
[Black "Morozevich, Alexander"]
[Result "0-1"]
[WhiteElo "2574"]
[BlackElo "2732"]
[EventDate "2004.04.??"]
[Annotator "MI Nikolai Vlassov"]
[PlyCount "104"]
[Source "Chess Today"]
[SourceDate "2004.04.27"]

1. e4 e5 2. Nf3 Nc6 3. Bb5 a6 4. Ba4 Nf6 5. O-O b5 6. Bb3 Bc5 7. c3 d6 8. d4
Bb6 9. h3 Bb7
{A variante Arkhangelsk da Rui Lopez. Ela requer uma boa compreensao da posicao e visao tatica dos oponentes.}
10. Re1 O-O 11. Bg5 h6 12. Bh4 Re8 13. d5 Nb8 14. c4 $146 (14. Nh2 Nbd7 15. Ng4
Kh7 16. Qf3 g5 17. Bg3 Nxg4 18. Qxg4 (18. Qxf7+ Kh8 19. hxg4 Rf8 20. Qh5 Kg7
21. Bd1 Nf6 22. Qh3 Bc8) 18... Nf6 19. Qf3 Rg8 20. Nd2 h5 21. Nf1 h4 22. Bh2 g4
23. hxg4 Nxg4 24. Ne3 Bxe3 25. fxe3 Rg7 26. a4 bxa4 27. Bxa4 Qg5 28. Bd7 Rag8
{nao foi bom para as brancas, Apicella,M-Godena,M/Linares 1995 0-1}) (
{os lances} 14. a4) ({e} 14. Nbd2 {ocorreram tambem.}) 14... g5 15. Bg3 Nbd7
16. Nc3 Nc5 17. Bc2 Ba5
{Enquanto o Bispo branco parece estar muito fraco em g3, o Bispo preto mostra toda a sua atividade. O preco pago por isto e o enfraquecimento da ala do rei. E o Cavalo branco ira para f5 imediatamente.}
18. Nd2 c6 19. h4 Rc8 (
{E muito dificil capturar o Peao por causa da posicao de abertura:} 19... bxc4
$6 20. dxc6 ({ou} 20. Nxc4 Bxc3 21. bxc3 cxd5 22. exd5 Bxd5 23. Ne3) 20... Bxc6
21. Nxc4 Bxc3 22. bxc3 Bxe4 23. f3
{com visivel iniciativa para as brancas em ambos os casos.}) 20. hxg5 hxg5
21. Rb1
{As brancas obrigam as pretas a fechar a ala da dama e aliviar a tensao do centro, tudo por causa da ameaca b2-b4.}
21... b4 22. Na4 Ncd7 $5
{E natural que as pretas nao desejem fazer a troca, mas sim deixar o Cavalo branco no canto do tabuleiro. O ponto negativo de tal decisao e aimpossibilidad e de colocar o Bispo em b6 - o resultado disto e que o Bispo fica fora do jogo por um longo tempo (mas nao para sempre!).} (
{Havia uma alternativa} 22... Nxa4 23. Bxa4 Rf8) 23. b3
{Veja como que este lance previne b4-b3. Mas as pretas vao tentar faze-lo de qualquer maneira.}
23... Kg7
{As pretas tem dificuldade de jogar na ala da dama, por isso Alexander pretende atacar na coluna "h".}
24. Nf1 Rh8 25. Ne3 ({Era digno de uma tentativa} 25. dxc6 Bxc6 (25... Rxc6
26. Ne3) 26. Qxd6 Bxa4 (26... Qc7 27. Ne3 Qxd6 28. Nf5+ Kf8 29. Nxd6) 27. bxa4
b3 28. axb3 Bxe1 29. Rxe1 {e a compensacao pela qualidade e bastante justa.})
25... Nh5 26. Nf5+ Kf8 27. Qg4 ({Parece que} 27. Nxd6 Nxg3 28. fxg3 Bb6+
29. Nxb6 Qxb6+ 30. Kf1 Rh6 {e mau, mas apos} 31. Nf5 $1 (31. Nxc8 $2 Rf6+ $19)
31... Rh1+ 32. Ke2 Rh2 33. Ne3 $1 cxd5 34. Rh1 $1 Rxh1 35. Qxh1
{as brancas conseguem cortar a iniciativa preta.}) 27... Qf6 28. c5 $5 dxc5
29. Rbd1 ({Deixar mais um Bispo fora do jogo com} 29. d6 $5
{parece se enquadrar no espirito da posicao...} 29... Qg6 30. Rbd1 c4 $1
{com luta complicada.}) 29... cxd5 30. exd5 c4 31. Ne3 (
{O sacrificio de qualidade merece atencao aqui tambem:} 31. bxc4 $5 b3 32. Bxb3 (
32. axb3 $2 {e mau} 32... Bxe1 33. Rxe1 Bxd5 $17) 32... Bxe1 33. Rxe1 Nf4
34. Nc3 Rh7 $1 35. Ne4 Qh8 36. Nh4 $1 f6 $1 (36... Nf6 $6 37. Qxg5 $1 Nxe4
38. Rxe4 $16) 37. Qf5 gxh4 38. Bxf4 exf4 39. Ng5 Rg7 40. Ne6+ Kg8 41. Nxg7 Qxg7
42. Re4 Ne5 43. Rxf4 Qg5 44. Qe6+ Kg7 45. Qe7+
{E a insana luta tem todas as chances de terminar empatada.}) 31... Nb6
{Agora sao as pretas que gostariam de trocar os Cavalos, porem as brancas evitam isso.}
32. Nb2 $6
{Conhecendo Vasily Yemelin das partidas que joguei com ele, eu posso supor que estava em apuros de tempo. Apuro de tempo e a mais provavel explicacao de um lance de consideracoes tao gerais - as brancas querem manter as pecas pretas em ma posicao na ala da dama.} (
{O concreto} 32. Bf5 $1 {parece muito forte:} 32... Nxg3 ({apos} 32... Rd8
{e bom tanto o simples} 33. Nc5 ({quanto o agudo} 33. Bxe5 $1 Qxe5 34. Nxc4
Nxc4 $1 35. Rxe5 Nxe5 36. Qe4 $16
{com obvia vantagem branca - quase todas as pecas pretas estao mal colocadas.} (
{mas nao} 36. Qxg5 $4 Nf3+ $1 37. gxf3 Rg8 $19))) 33. fxg3 Rd8 34. Be6 $1 $16
{com ataque decisivo.}) 32... cxb3 33. Bxb3 Nf4 34. Bxf4 $2
{O mesmo desejo de simplificar a posicao por causa dos problemas com o tempo.} (
34. d6 $5 {e o melhor. Aqui, por exemplo:} 34... Nxg2 35. Nxg2 Bf3 36. Qxc8+
Nxc8 37. d7 Nd6 38. Bxe5 Qf5 39. Bxd6+ Kg7 40. Be5+ f6 41. Bxf6+ Qxf6 42. Re6
Qxb2 43. Re7+ Kh6 44. Rd6+ Kh5 45. Bf7+ Kg4 46. Be6+ Kh5 47. Bf7+
{com xeque perpetuo.}) ({Ou} 34. Qf5 Qxf5 35. Nxf5 f6 36. Bxf4 gxf4 37. Nd6 Rc7
38. Nxb7 Rxb7 39. d6 Rbh7 40. Kf1 Ke8
{A presenca dos Bispos de cores opostas reduz ao minimo a vantagem do peao preto a mais.})
34... gxf4 35. Nec4 Rh4 $1 36. Qf3 Qh6 37. Kf1 Rh1+ 38. Ke2 e4 $1 39. Qg4 (
{A tarefa preta fica mais dificil apos} 39. Qxe4 $5 Rxe1+ 40. Kxe1 Re8 41. Ne5
f6 42. Nbd3 fxe5 43. Nc5 Bc8 44. d6
{com alguma compensacao pela peca. No entanto apos} 44... Qh1+ 45. Kd2 Qh5 $1
{As pretas devem ganhar.}) 39... Rxe1+ $6 (39... Rh4 {e mais facil para ganhar}
40. Qf5 Rh5 $19 {seguido da captura em d5 pelo Cavalo.}) 40. Kxe1 Nxc4 $6
{O desejo de simplificacao tambem coloca as pretas em posicao dificil - eu suponho que o apuro de tempo e mutuo.} (
{o lance} 40... Rc5 {era melhor} 41. Nxb6 Bxb6 42. Na4 Bc8 43. Qe2 e3 (
43... Qh1+ 44. Qf1) 44. Nxb6 Qxb6 45. fxe3 Rc3 $17
{- embora a maior parte da vantagem ja tenha sido perdida.}) 41. Nxc4 Rxc4 $6
{Erros seguidos, mas este elimina toda a vantagem preta.} ({Era melhor} 
41... Bd8 $5 42. Qd7 Qh1+ 43. Kd2 Qh8 44. Qxb7 ({ou} 44. Ke1 f3 45. gxf3 exf3)
44... Rxc4 45. Bxc4 Qc3+ 46. Ke2 Qxc4+ $19) 42. Bxc4 b3+ 43. Ke2 b2 44. Qd7 $4
{Vasily nao ve um, nem tao dificil, golpe tatico.} ({Era correto} 44. Qf5
{e agora as pretas estao lutando por um empate:} 44... Bb4 (44... Bc3 45. Qxe4) (
44... f3+ 45. gxf3 exf3+ 46. Qxf3 Qh4) 45. Qxe4 Qh5+ 46. Qf3 Qh4
{As variantes mostram que a posicao esta quase igual - o forte Peao b2 e o preco pela qualidade a mais das brancas.})
44... Qh5+ 45. f3 exf3+ 46. gxf3 Qh2+ ({Era mais facil para ganhar jogando} 
46... Qg6
{com irresistivei s ameacas em c2 e g2, entretanto Alexander preferiu a variante forcada.})
47. Kd3 b1=Q+ $1 48. Rxb1 Qh7+ $1 49. Kd4 Qxb1 $19
{As pretas capturaram a Dama e a Torre, alem disso, defenderam o Bispo em b7.}
50. Qd6+ Ke8 51. Bb3 Qg1+ 52. Kd3 Qg6+
{A troca de Damas acaba com a batalha - as pretas possuem um Bispo a mais.} 0-1

[Event "Bundesliga 2003/2004"]
[Site "CXC"]
[Date "2004.04.25"]
[Round "15"]
[White "Aronian, Levon"]
[Black "Kindermann, Stefan"]
[Result "1-0"]
[WhiteElo "2649"]
[BlackElo "2542"]
[EventDate "2003.11.01"]
[Annotator "MI NIkolai Vlassov"]
[PlyCount "59"]

1. Nf3 d5 2. d4 Nf6 3. c4 c6 4. Nc3 a6 5. e3 b5 6. b3 Bf5 7. Ne5 e6 8. g4 Bg6
9. h4 Ne4 10. Nxe4 Bxe4 11. f3 f6 12. Nxc6 Nxc6 13. fxe4 dxe4 14. Bd2 $1 $146
{Esta e uma excelente novidade!} ({O seguinte ja ocorreu antes} 14. a3 Bd6
15. Kf2 O-O 16. cxb5 axb5 17. Bxb5 Nb4 18. Bc4 Nd5 19. Qc2 f5 20. gxf5 Rxf5+
21. Ke2 Qf6 {0-1 Avrukh,B-Bareev,E/Haifa 2000}) ({e tambem} 14. Qc2 f5 15. gxf5
exf5 16. Bd2 Rc8 17. Bc3 Bb4 18. O-O-O Qa5 19. Ba1 Ba3+ 20. Kb1 Nb4 21. Qc3 O-O
22. d5 Rf7 23. Rg1 Qc7 24. Bh3 bxc4 25. d6 Nxa2 26. Kxa2 Bxd6 27. Rxd6 cxb3+
28. Qxb3 {1-0 Topalov,V-Popchev,M/BUL 1992}) 14... Qb8 15. Rh3 f5 ({Apos} 
15... Bb4 16. Qc2 {as pretas perdem um Peao.}) 16. cxb5 axb5 17. gxf5 exf5
18. a4 ({As brancas tambem possuem grande vantagem apos} 18. Qe2) 18... bxa4
19. bxa4
{O Rei preto nao tem tempo para escapar para o canto do tabuleiro por causa da ameaca Bb5, e, no centro, a sua derrota nao tardara.}
19... Kd8 20. Bb5 Na5 21. Rc1 Bd6 22. Rc5 Bxc5 23. dxc5 Ke7 24. Bc3
{A furia dos Bispos brancos esta apoiada pela Dama e pela Torre - a posicao do Rei preto e de dar pena...}
24... Qd8 25. Qa1 Rg8 26. Bxg7 Kf7 27. Rg3 Qe7 28. Qd1 Rad8 {O que fazer?}
29. Qh5+ Ke6 30. Rg6+ $1 1-0